000 00475nam a2200181Ia 4500
005 20250508161520.0
008 008 250505s9999 xx 000 0 eng d
037 _aTextual
040 _aFEDL
_beng
_cFEDL
041 _aeng
_2eng
084 _a610, GAN
_qFEDL
100 _aGandhi M K
245 0 _aKey to health
260 _aAhmedabad, India
_bNavjivan Prakashan Mandir
_c1948
300 _a83p.
942 _cTEXL
_h610, GAN
999 _c1370462
_d1370462